000 01893cam a22003737a 4500
001 13515997
003 Nust- CAS-E
005 20180118181405.0
008 040309s2002 ohua b 101 0 eng d
010 _a 2004297105
020 _a1574981358
020 _a9781574981353
035 _a(OCoLC)ocm49693209
040 _aGZM
_cGZM
_dKUK
_dOCLCQ
_dDLC
042 _alccopycat
050 0 0 _aTK2896
_b.M36 2002
082 _a621.312429
_bMAT 2002
245 0 0 _aMaterials for electrochemical energy conversion and storage :
_bpapers from the Electrochemical Materials, Processes, and Devices symposium at the 102nd Annual Meeting of The American Ceramic Society, held April 29-May 3, 2000, in St. Louis, Missouri, and the Materials for Electrochemical Energy Conversion and Storage Symposium at the 103rd Annual Meeting of The American Ceramic Society, held April 22-25, 2001, in Indianapolis, Indiana, USA /
_cedited by Arumugam Manthiram ... [et al.].
260 _aWesterville, Ohio :
_bThe American Ceramic Society,
_cc2002.
300 _ax, 260 p. :
_bill. ;
_c24 cm.
440 0 _aCeramic transactions ;
_vv. 127
502 _a0
504 _aIncludes bibliographical references and index.
650 0 _aCeramic materials
_vCongresses.
700 1 _aManthiram, Arumugam.
_4edt
710 2 _aAmerican Chemical Society.
710 2 _aAmerican Ceramic Society.
_bMeeting
_n(102nd :
_d2000 :
_cSaint Louis, Mo.)
710 2 _aAmerican Ceramic Society.
_bMeeting
_n(103rd :
_d2001 :
_cIndianapolis, Ind.)
856 4 2 _3Publisher description
_uhttp://www.loc.gov/catdir/enhancements/fy0902/2004297105-d.html
856 4 1 _3Table of contents only
_uhttp://www.loc.gov/catdir/enhancements/fy0902/2004297105-t.html
906 _a7
_bcbc
_ccopycat
_d2
_encip
_f20
_gy-gencatlg
942 _2ddc
_cBK
999 _c355560
_d355560